The Indian textile journal.
Guardado en:
| Título anterior: | Indian import and export trades journal Indian industries & power |
|---|---|
| Formato: | Revista |
| Lenguaje: | English |
| Publicado: |
Bombay :
Indian Textile Journal Limited,
|
| Materias: |
| LEADER | 01904nas a2200445 a 4500 | ||
|---|---|---|---|
| 001 | c000155627 | ||
| 003 | CARM | ||
| 005 | 20020205155355.0 | ||
| 008 | c18909999ii mrzp 0 a0eng | ||
| 010 | |a sa 64005695 //r88 | ||
| 019 | 1 | |a 917326 |z 42440935 |5 LACONCORD2021 | |
| 022 | |a 0019-6436 |y 0019-6355 | ||
| 025 | |a PL480:I-D-E-88 | ||
| 030 | |a INTJAV | ||
| 035 | |a (OCoLC)2128554 |5 LACONCORD2021 | ||
| 042 | |a lc |a nsdp | ||
| 043 | |a a-ii-- | ||
| 050 | 0 | 0 | |a TS1300 |b .I55 |
| 210 | 0 | |a Indian text. j. | |
| 222 | 0 | |a Indian textile journal | |
| 245 | 0 | 4 | |a The Indian textile journal. |
| 260 | |a Bombay : |b Indian Textile Journal Limited, | ||
| 300 | |a v. : |b ill., ports. ; |c 25-33 cm. | ||
| 310 | |a Monthly | ||
| 362 | 1 | |a Began publication in 1890. | |
| 500 | |a Description based on: Vol. 63, no. 754 (July 1953); title from cover. | ||
| 510 | 2 | |a Art and archaeology technical abstracts |x 0004-2994 | |
| 510 | 2 | |a Chemical abstracts |x 0009-2258 |b 1890-1977 | |
| 510 | 2 | |a World textile abstracts |x 0043-9118 | |
| 650 | 0 | |a Textile industry and fabrics |x Periodicals. | |
| 650 | 0 | |a Textile industry and fabrics |z India |x Periodicals. | |
| 780 | 0 | 5 | |t Indian import and export trades journal |
| 780 | 0 | 5 | |t Indian industries & power |
| 852 | 8 | |b CARM |h A2:AE20E0 |i B01001 |p 0001465 |f SE | |
| 852 | 8 | |b CARM |h A2:AB37C2 |i D00872 |p 0010140 |f SE | |
| 866 | 0 | |a 63:748(1953)-69:824(1959) Inc. | |
| 866 | 0 | |a 63:748(1953)-69:824(1959) Inc. | |
| 999 | f | f | |i dd87a848-2528-5149-82a5-a581933f42df |s 7fa7bd9a-274b-5fb5-a2d5-a5a3950277d2 |
| 952 | f | f | |p Can circulate |a CAVAL |b CAVAL |c CAVAL |d CARM 1 Store |e D00872 |f A2:AB37C2 |h Other scheme |i book |k 66:787(1956)-66:789(1956),67:797(1957)-67:798(1957),68:814(1958),69:822(1959),69:824(1959) |m 0010140 |
| 952 | f | f | |p Can circulate |a CAVAL |b CAVAL |c CAVAL |d CARM 1 Store |e B01001 |f A2:AE20E0 |h Other scheme |i book |k 63:748(1953),63:750(1953),65:772(1955)-65:773(1955),65:777(1955),66:783(1955) |m 0001465 |